Ako to funguje v prírode znalosti pod okienkami

Bibliographic Details
Main Authors: Daynes, Katie (Author), Tate, Russell (Author)
Other Authors: Dusilová, Beata (Translator)
Format: Book
Language:Slovak
English
PhysicalDescription:15 strán farebné ilustrácie 28 cm
Published: Bratislava Svojtka & Co., s.r.o. 2018
ISBN:9788056703298
Edition:Prvé slovenské vydanie
Subjects:

MARC

LEADER 00000cam a2200000 4500
001 vtls011785391
003 SK-MaSNL
005 20260301142913.0
008 181016s2018 xo a b f 000 0 slo
015 |a SNBA2019/05 
020 |a 9788056703298  |q (viazané) 
040 |a SNK  |b slo  |c SNK  |e rda 
041 1 |a slo  |h eng 
044 |a xo  |c SK 
072 7 |a 551  |x Geológia. Meteorológia. Klimatológia  |2 konspekt 
072 7 |a 0/9-053.2  |x Literatúra pre deti a mládež (náučná)  |2 konspekt 
080 |a 551.5  |2 2011 
080 |a 551.58  |2 2011 
080 |a 551.515  |2 2011 
080 |a (0.062)  |2 2011 
080 |a (0.053.2)  |2 2011 
080 |a (084.11)  |2 2011 
100 1 |a Daynes, Katie  |4 aut  |9 149881 
240 1 0 |a See Inside - Weather and Climate.  |l Slovensky 
245 1 0 |a Ako to funguje v prírode  |b znalosti pod okienkami  |c Katie Daynes a Russell Tate ; preklad Beata Dusilová 
250 |a Prvé slovenské vydanie 
264 1 |a Bratislava  |b Svojtka & Co., s.r.o.  |c 2018 
300 |a 15 strán  |b farebné ilustrácie  |c 28 cm 
336 |a text  |b txt  |2 rdacontent 
336 |a statický obraz  |b sti  |2 rdacontent 
337 |a bez média  |b n  |2 rdamedia 
338 |a zväzok  |b nc  |2 rdacarrier 
500 |a Na obálke pod názvom napísané: Viac ako 100 otváracích okienok 
500 |a Kartónové listy s otváracími okienkami 
500 |a Názov z obálky 
500 |a Preložené z anglického vydania 
521 8 |a Pre deti od 3 rokov 
650 0 7 |a meteorológia  |2 SNKPH  |9 873 
650 0 7 |a klimatológia  |2 SNKPH  |9 752 
650 0 7 |a počasie  |2 SNKPH  |9 942 
650 0 7 |a Meteorology  |2 SNKPHeng  |9 265293 
650 0 7 |a Climatology  |2 SNKPHeng  |9 294476 
650 0 7 |a Weather  |2 SNKPHeng  |9 351805 
655 7 |a populárno-náučné publikácie  |2 SNKPH  |9 70460 
655 7 |a publikácie pre deti  |2 SNKPH  |9 70148 
655 7 |a Pictorial works  |2 SNKPHeng  |9 284468 
655 7 |a Children's literature  |2 SNKPHeng  |9 276039 
655 7 |a obrazové publikácie  |2 SNKPH  |9 70343 
655 7 |a Popular works  |2 SNKPHeng  |9 90287 
700 1 |a Tate, Russell  |4 aut  |9 499102 
700 1 |a Dusilová, Beata  |4 trl  |9 433084 
852 |a Štátna vedecká knižnica v Banskej Bystrici 
919 |a 978-80-567-0329-8 
958 |a DB 
958 |a OP 
968 |b ENG 
999 |c 771921  |d 773851 
952 |a SNK  |b SNK  |y PREZ  |7 0  |p 17A1364895  |o snkSB 94169  |i snk2019/13656  |8 0  |0 0  |1 0  |4 0  |d 2019-05-16  |l 0  |r 2025-05-15 00:00:00  |w 2026-02-24 
952 |a SNK  |b SNK  |y PREZ  |7 0  |p 17A1364896  |o snkSB 94169 D1  |i snk2019/13657  |8 0  |0 0  |1 0  |4 0  |d 2019-05-16  |l 0  |r 2026-02-24 00:38:03  |w 2026-02-24